000 00746nam a22002297a 4500
003 0
005 20251021153723.0
008 251021b xxu||||| |||| 00| 0 eng d
020 _a978-93-575110-2-5
050 _aQA 76.9.A43
_b.M33 2024
100 _aMadison, Ryan,
_eauthor.
245 _aCurrent progress in artificial intelligence /
_cRyan Madison.
250 _aFirst edition.
260 _aNew Delhi, India :
_bRandom Publications LLP,
_c2024.
300 _axi, 248 pages ;
_c24 cm.
504 _aIncludes bibliographical references and index.
650 _aArtificial intelligence.
650 _aMachine learning.
650 _aArtificial intelligence
_xResearch.
650 _aExpert systems (Computer science).
942 _2lcc
_cBK
999 _c368319
_d368319